MARC

LEADER 00000nam0a2200000 4500
001 263530
005 20231101233740.0
020 |a RU  |b 86-35736ж 
035 |a (RuTPU)RU\TPU\book\286515 
090 |a 263530 
100 |a 20140609a1985 k a0rusy5003 ca 
101 0 |a rus 
102 |a RU 
105 |a a z 001zy 
200 1 |a Долговечность газонефтепромыслового оборудования и инструмента  |f сборник научных трудов  |f Московский институт нефтехимической и газовой промышленности им. И. М. Губкина (МИНХиГП) ; под ред. В. Н. Виноградова 
210 |a Москва  |c Изд-во МИНХИГП  |d 1985 
215 |a 119 с.  |c ил. 
225 1 |a Труды Московского института нефтехимической и газовой промышленности (МИНХ и ГП)  |v № 195 
320 |a Библиогр. в конце ст. 
606 1 |a Нефтегазопромысловое оборудование  |x Долговечность  |2 stltpush  |3 (RuTPU)RU\TPU\subj\45635  |9 64828 
610 1 |a газопромысловое оборудование 
610 1 |a нефтепромысловое оборудование 
610 1 |a инструмент 
610 1 |a детали 
610 1 |a узлы 
610 1 |a трение 
610 1 |a изнашивание 
675 |a 622.276.05  |z rus 
702 1 |a Виноградов  |b В. Н.  |g Владимир Николаевич  |4 340 
712 0 2 |a Московский институт нефтехимической и газовой промышленности им. И. М. Губкина (МИНХиГП)  |c (1958-1991)  |2 stltpush  |3 (RuTPU)RU\TPU\col\5781 
801 0 |a RU  |b RuMRKP  |c 19950704  |g psbo 
801 1 |a RU  |b 63413507  |c 20140609 
801 2 |a RU  |b 63413507  |c 20150226  |g RCR 
942 |c BK